000 01514nam a2200361 i 4500
001 000026845
003 DO-SdBNP
005 20251017094831.0
007 ta
008 110325s1986 dr ac 000 | spa d
040 _aDO-SdBNP
_bspa
_cBNPHU
_erda
041 _aspa
082 4 _a972.9305
_bW499v 1986
_222
100 1 _aWelles, Benjamin Sumner,
_d1892-1961
_eautor
_4aut.
_931871
240 1 0 _aNaboth's vineyard: the Dominican Republic 1844-1924
_lespañol
245 1 3 _aLa viña de Naboth :
_bla República Dominicana 1844-1924 /
_cSumner Welles ; prólogo y traducción de, Manfredo A. Moore.
250 _aQuinta edición
264 1 _aSanto Domingo :
_bEdiciones de Taller,
_c1986.
300 _avolumenes :
_bilustraciones, retratos ;
_c20 cm.
336 _atexto
_btxt
_2rdacontent
337 _asin mediación
_bn
_2rdamedia
338 _avolumen
_bnc
_2rdacarrier
490 0 _aBiblioteca Taller
_v10
500 _aTraducido del inglés
500 _aIncluye la portada de la primera edición en español publicada en: Santiago, República Dominicana: El Diario, 1939.
590 _aInventariado, 2025/BT
651 4 _aRepública Dominicana --
_xHistoria --
_yOcupación norteamericana, 1916-1924
_91926
651 4 _aRepública Dominicana
_xRelaciones exteriores
_zEstados Unidos
_96308
651 4 _aEstados Unidos
_xRelaciones exteriores
_zRepública Dominicana
_96309
700 1 _aMoore, Manfredo A.,
_etraductor
_4tr.
_931872
910 _aValidado. Control de calidad BNPHU
942 _2ddc
_cLBS1
999 _c26337
_d26337